| LEADER 00000nam 2200000uu 4500 |
| 001 13399114736 |
| 003 BCNR |
| 008 110621s2554||||th 000 0 tha d |
| 020 9786161109240
|
| 060 04 W225^bร451 2554
|
| 245 00 รายงานฉบับสมบูรณ์โครงการศึกษาเพื่อพัฒนาชุดสิทธิประโยชน์ภายใต้ระบบหลักประกันสุขภาพถ้วนหน้า.^nฉบับที่ 2 =^bResearch for development of health benefit package under universal health care coverage scheme: issue 2 /^cจัดทำโดย สำนักงานพัฒนานโยบายสุขภาพระหว่างประเทศ และ โครงการประเมินเทคโนโลยีและนโยบายด้านสุขภาพ
|
| 246 30 โครงการศึกษาเพื่อพัฒนาชุดสิทธิประโยชน์ภายใต้ระบบหลักประกันสุขภาพถ้วนหน้า.^nฉบับที่ 2
|
| 246 31 Research for development of health benefit package underuniversal health care coverage scheme: issue 2
|
| 250 พิมพ์ครั้งที่ 1
|
| 260 นนทบุรี :^bสำนักงาน,^c2554
|
| 300 x, 213 หน้า ;^c24 ซม.
|
| 536 สนับสนุนโดย สำนักงานหลักประกันสุขภาพแห่งชาติ
|
| 650 7 ประกันสุขภาพ^zไทย^vวิจัย
|
| 650 7 หลักประกันสุขภาพแห่งชาติ^zไทย^vวิจัย
|
| 650 7 บริการทางการแพทย์^xการวิเคราะห์ต้นทุน^vวิจัย
|
| 650 7 วิจัย
|
| 653 การเข้าถึงบริการสุขภาพ
|
| 710 2 สำนักงานพัฒนานโยบายสุขภาพระหว่างประเทศ
|
| 710 2 โครงการประเมินเทคโนโลยีและนโยบายด้านสุขภาพ
|
| 710 2 สำนักงานหลักประกันสุขภาพแห่งชาติ
|
| 999 ^aบรรณารักษ์
|